| 000 | 00611nam a22002057a 4500 | ||
|---|---|---|---|
| 003 | OSt | ||
| 005 | 20210415112330.0 | ||
| 008 | 210310s1966 ||||| |||| 00| 0 eng d | ||
| 040 |
_aeng _beng _cDLC |
||
| 041 | _aeng | ||
| 080 |
_a821.111 _bC-61 |
||
| 100 |
_91320 _aClifford, Francis |
||
| 245 |
_aThe Hunting Ground _c/ by: A Signet Book, The New American Library |
||
| 260 |
_aNew York _bA Signet Book, The New American Library _c1966 |
||
| 300 | _a160 p. | ||
| 365 | _b0.6 usd | ||
| 650 | 0 |
_9254 _aEnglish literature |
|
| 653 | _aინგლისური ლიტერატურა | ||
| 942 |
_2udc _cBK |
||
| 999 |
_c2069 _d2069 |
||